00891nam a2200229 a 4500001001000000005001700010008004100027020001500068040001800083050002200101100002400123245011700147260006700264300004200331504003200373650006000405650003200465653003500497942001100532999001500543952010300558BRCA_225820190320203732.0830707s1982 mx-a---##b---f000-0#spa-# a9685802696 aDLCcDLCdDLC 4aNA5253b.D52 19821 aDíaz, Marco9447010aLa arquitectura de los jesuitas en Nueva Españablas instituciones de apoyo, colegios y temploscMarco Díaz. aMéxicobUNAM, Instituto de Investigaciones Estéticasc1982 a289 p.bil. (algunas a color)c28 cm. aBibliografía : p. 277-28914aArquitectura jesuitaySiglos XVI y XVIIzMéxico9677914aArquitecturazMéxico95960 aOrdenes religiosas en México 2lcccB c2007d2007 00104070aBRCAbBRCAd2008-08-14l0oNA5253 .D52 1982p02394r2019-03-22 00:00:00w2019-03-22yB